Alle Ballon d'Or-Nominierten 2024 - Statistiken

Allgemein
  • Dieses Quiz wurde 164 mal gespielt
  • Das Durchschnittsergebnis liegt bei 19 aus 30
Antwortstatistiken
Fußballspieler Fußballverein % Korrekt
Vinicius Junior Real Madrid
94%
Erling Haaland Manchester City
91%
Florian Wirtz Bayer Leverkusen
91%
Kylian Mbappé Paris Saint-Germain
91%
Lautaro Martinez Inter Milan
86%
Jude Bellingham Real Madrid
83%
Harry Kane Bayern München
79%
Emiliano Martinez Aston Villa
78%
Rodri Manchester City
77%
Bukayo Saka Arsenal
75%
Álex Grimaldo Bayer Leverkusen
71%
Granit Xhaka Bayer Leverkusen
70%
Lamine Yamal Barcelona
70%
Toni Kroos Real Madrid
65%
Ademola Lookman Atalanta
64%
Nico Williams Athletic Bilbao
64%
Phil Foden Manchester City
59%
Cole Palmer Chelsea
57%
Dani Carvajal Real Madrid
57%
Martin Ødegaard Arsenal
57%
Declan Rice Arsenal
56%
Antonio Rüdiger Real Madrid
54%
Federico Valverde Real Madrid
53%
Mats Hummels Borussia Dortmund
52%
Dani Olmo Leipzig
46%
William Saliba Arsenal
46%
Rúben Días Manchester City
45%
Vitinha Paris Saint-Germain
36%
Hakan Çalhanoglu Inter Milan
31%
Artem Dobvyk Girona
13%
Keine übereinstimmenden Quizze gefunden
Verteilung der Resultate
Anzahl Personen mit jedem Resultat
Perzentil nach korrekt beantworteten Fragen
Ihre Resultats-Entwicklung
Sie haben dieses Quiz noch nicht gespielt